Trust Law and Practice / (Record no. 318)

MARC details
000 -LEADER
fixed length control field 00547nam a22001817a 4500
005 - DATE AND TIME OF INPUT
control field 20231106121725.0
008 - DATA ELEMENTS--GENERAL INFORMATION
fixed length control field 231106b |||||||| |||| 00| 0 eng d
020 ## - INTERNATIONAL STANDARD BOOK NUMBER
International Standard Book Number 9780409022247 ; 9780409022889
041 ## - LANGUAGE CODE
Language code of text English
082 ## - SHELF NUMBER
DDC number 346.5 OLI
100 ## - MAIN AUTHOR
Main author's name Olivier, PA et al.
Language of a work English
245 ## - TITLE STATEMENT
Title Trust Law and Practice /
Statement of responsibility, etc. PA Olivier et al.
250 ## - EDITION STATEMENT
Edition statement Second Edition
260 ## - PUBLICATION, DISTRIBUTION, ETC.
Place of publication, distribution, etc. Durban :
Name of publisher, distributor, etc. LexisNexis (Pty) Ltd
Date of publication, distribution, etc. 2008
300 ## - PHYSICAL DESCRIPTION
Other physical details 237 pages ;
Dimensions 26 cm.
650 ## - SUBJECT`
Broad subject Legal practice
Own subject terms Law
942 ## - ADDED ENTRY ELEMENTS (KOHA)
Item type Books
942 ## - ADDED ENTRY ELEMENTS (KOHA)
-- ALISON_BN_VRIES
Holdings
Source of classification or shelving scheme Not for loan Collection code Home library Current library Shelving location Date acquired Full call number Barcode Price effective from Koha item type
Dewey Decimal Classification   TEXT BOOKS LAW SOCIETY OF NAMIBIA LIBRARY - WINDHOEK LAW SOCIETY OF NAMIBIA LIBRARY - WINDHOEK Administration and estates, wills 11/06/2023 346.5 OLI LSN/2010/11 11/06/2023 Books